| 000 | 00971nam a2200241Ia 4500 | ||
|---|---|---|---|
| 999 |
_c4651 _d4651 |
||
| 003 | OSt | ||
| 005 | 20200506113724.0 | ||
| 008 | 191128s2013 ck a gr 000 0dspa d | ||
| 020 | _a9789584627797 | ||
| 040 |
_aCO-JMCR _cCO-JMCR |
||
| 041 | 0 | _aspa | |
| 082 | 0 | 4 |
_a306.734 / _bD946s |
| 100 | 1 |
_aDuque Ramírez, Rafael Fernando, _eautor _94001 |
|
| 245 | 1 | 0 |
_aSeducción : _b "el arte del engaño" : manual práctico / _cRafael Duque Ramírez |
| 260 |
_aBogotá : _bDispaval, _c2013 |
||
| 300 |
_a196 páginas : _bilustraciones a blanco y negro ; _c24 cm. |
||
| 500 | _aDatos biográficos del autor en contra portada. | ||
| 505 | _aNaturaleza femenina, la dimensión desconocida -- La imagen lo es todo -- El ilusionista -- El sexo mandamiento -- Entrando en las tinieblas -- El fin -- El arte del engaño -- La verdad | ||
| 650 | 1 | 4 |
_aCortejo amoroso _94002 |
| 650 | 2 | 4 |
_aManuales Seducción _94003 |
| 650 | 2 | 4 |
_aManuales Relaciones de pareja _94004 |
| 942 |
_2ddc _cBK |
||